000 01198nam0a2200349 4500
001 RU\NLR\BIBL_A\022673414
005 20260204105537.0
010 _a978-5-4484-5695-4
_9800
021 _aRU
_bКН-П-25-062976
_9КН-П-25-6096
035 _a(NLR Aleph) 022673414
090 _a13544051
_c13544051
100 _a20251126d2025 u y0rusy50 ca
101 0 _arus
102 _aRU
105 _aa z 000ay
181 0 _ai3
_baxxe
182 0 _an
200 1 _aБожий одуванчик
_eроманы
_fАлександра Мадунц
203 _aТекст
_bвизуальный
_cнепосредственный
210 _aМосква
_cВече
_d2025
215 _a462, [1] с.
_cил.
_d20
225 1 _aЛеди-детектив
300 _aНа 2-й с. обл. авт.: Мадунц А. И. - канд. физ.-мат. наук, доц.
327 1 _aВ кн. также: Спящая красавица
333 _a16+
686 2 _aШ6(2=Р)8-446
700 1 _aМадунц
_bА. И.
_f1946-
_gАлександра Игоревна
942 _cBOOK
980 _aNB